[Event "SVK-ch U12"]
[Site "Liptovsky Mikulas"]
[Date "2007.04.26"]
[Round "8"]
[White "Endresz, Pavol"]
[Black "Batmendijn, Eduard"]
[Result "1-0"]
[WhiteElo "1405"]
[BlackElo "1350"]
[PlyCount "33"]
[EventDate "2007.04.22"]
[EventType "swiss"]
[EventRounds "9"]
[EventCountry "SVK"]
[SourceTitle "EXT 2008"]
[Source "ChessBase"]
[SourceDate "2007.11.25"]
[SourceVersion "1"]
[SourceVersionDate "2007.11.25"]
[SourceQuality "1"]

1. e4 e5 2. Nf3 Nc6 3. Bb5 Nf6 4. d3 Bc5 5. h3 d6 6. Nc3 0-0 7. Bg5 Qe7 8. Nd5 Qd8 9. Nxf6+ gxf6 10. Bh4 a6 11. Bxc6 bxc6 12. Qd2 Kg7 13. 0-0 Rg8 14. d4 exd4 15. Nxd4 Qe8 16. Nf5+ Kg6 17. Qh6# 1-0

[Event "SVK-ch U12"]
[Site "Liptovsky Mikulas"]
[Date "2007.04.26"]
[Round "7"]
[White "Zatyko, Adrian"]
[Black "Batmendijn, Eduard"]
[Result "1/2-1/2"]
[WhiteElo "1380"]
[BlackElo "1350"]
[PlyCount "43"]
[EventDate "2007.04.22"]
[EventType "swiss"]
[EventRounds "9"]
[EventCountry "SVK"]
[SourceTitle "EXT 2008"]
[Source "ChessBase"]
[SourceDate "2007.11.25"]
[SourceVersion "1"]
[SourceVersionDate "2007.11.25"]
[SourceQuality "1"]

1. e4 e5 2. Nf3 Nc6 3. Bc4 Bc5 4. c3 h6 5. d4 Bd6 6. d5 Nce7 7. 0-0 Nf6 8. Bd3 0-0 9. h3 c6 10. c4 b5 11. b3 cxd5 12. cxd5 Qa5 13. Qe1 Bb4 14. Bd2 Bxd2 15. Qxd2 Qc7 16. Qc3 Qxc3 17. Nxc3 b4 18. Ne2 d6 19. Ng3 a6 20. Rfe1 Ng6 21. Nd2 Nf4 22. Bc2 1/2-1/2